000 00369nam a22001457a 4500
003 macl
005 20230324131157.0
008 230324b |||||||| |||| 00| 0 eng d
040 _cmacl
082 _a891.433/KHA/N
100 _aउषाकिरण खान
_971776
245 _aकथा रजोखर
650 _aउपन्‍यास
942 _2ddc
_cHIN
999 _c66030
_d66030